Älteste Länder der Welt - Statistiken

Allgemein
  • Dieses Quiz wurde 702 mal gespielt
  • Das Durchschnittsergebnis liegt bei 15 aus 25
Antwortstatistiken
Platz Länder Gründungsjahr % Korrekt
22. China -221 V. Chr.
93%
1. Ägypten -3200 v. Chr.
92%
17. Italien -753 v. Chr.
89%
19. Japan -660 v. Chr.
86%
7. Griechenland -2200 v. Chr.
85%
11. Indien -1500 v. Chr.
80%
15. Iran -843 v. Chr.
79%
2. Irak -3000 v. Chr.
77%
12. Israel -1240 v. Chr.
71%
4. Syrien -2500 v. Chr.
68%
13. Jordanien -1200 v. Chr.
60%
8. Libanon -2000 v. Chr.
58%
5. Südkorea -2333 v. Chr.
55%
5. Nordkorea -2333 v. Chr.
52%
2. Sudan -3000 v. Chr.
50%
14. Jemen -1100 v. Chr.
49%
16. Tunesien -814 v. Chr.
48%
8. Äthiopien -2000 v. Chr.
46%
23. Vietnam -208 v. Chr.
43%
25. Armenien 200
40%
21. Georgien -330 v. Chr.
37%
8. Kuwait -2000 v. Chr.
31%
18. Nordmazedonien -700 v. Chr.
27%
24. Rumänien -80 v. Chr.
24%
20. Mauretanien -350 v. Chr.
15%
Keine übereinstimmenden Quizze gefunden
Verteilung der Resultate
Anzahl Personen mit jedem Resultat
Perzentil nach korrekt beantworteten Fragen
Ihre Resultats-Entwicklung
Sie haben dieses Quiz noch nicht gespielt